| 000 | 00458nam a22001817a 4500 | ||
|---|---|---|---|
| 003 | CEME | ||
| 005 | 20210628203238.0 | ||
| 008 | 210302b xxu||||| |||| 00| 0 eng d | ||
| 020 | _a0-03-063366-4 | ||
| 040 | _c. | ||
| 082 | _a531.11 TOR | ||
| 100 |
_aTorby, Bruce J _964238 |
||
| 245 | _aAdvanced dynamics for engineers | ||
| 260 |
_aNEW YORK _bHOLT RINEHART _c1994 |
||
| 300 | _aXIV,426P | ||
| 650 |
_aDYNAMICS FOR ENGINEERS _964239 |
||
| 942 |
_cBK _2ddc |
||
| 999 |
_c572801 _d572801 |
||